Central Library OPAC University of Rajshahi

Studies in diplomatic history : (Record no. 42996)

MARC details
000 -LEADER
fixed length control field 00989nam a2200289 a 4500
001 - CONTROL NUMBER
control field 42996
003 - CONTROL NUMBER IDENTIFIER
rucl marc code BD-RjUL
005 - DATE AND TIME OF LATEST TRANSACTION
control field 20211209053628.0
008 - FIXED-LENGTH DATA ELEMENTS--GENERAL INFORMATION
fixed length control field 160618s1970 enka b 010 0 eng
020 ## - INTERNATIONAL STANDARD BOOK NUMBER
International Standard Book Number 0582500184
035 ## - SYSTEM CONTROL NUMBER
System control number (BD-RjUL)43114
System control number 1148215
040 ## - CATALOGING SOURCE
Original cataloging agency LC
Language of cataloging eng
Transcribing agency LC
Modifying agency LC
041 ## - LANGUAGE CODE
Language code of text/sound track or separate title eng
082 00 - DEWEY DECIMAL CLASSIFICATION NUMBER
Classification number 327.08
Author mark and year STU 1970
245 00 - TITLE STATEMENT
Title Studies in diplomatic history :
Remainder of title essays in memory of David Bayne Horn /
Statement of responsibility, etc. edited by Ragnhild Hatton & M.S. Anderson.
260 ## - PUBLICATION, DISTRIBUTION, ETC. (IMPRINT)
Place of publication, distribution, etc. Harlow :
Name of publisher, distributor, etc. Longmans,
Date of publication, distribution, etc. 1970.
300 ## - PHYSICAL DESCRIPTION
Pagination xiv, 384 p. :
Illustrations ill. ;
Size 23 cm.
504 ## - BIBLIOGRAPHY, ETC. NOTE
Bibliography, etc "David Bayne Horn: A bibliography, compiled by Hugh Dunthorne: p. 373-384."
600 10 - SUBJECT ADDED ENTRY--PERSONAL NAME
Personal name Horn, D. B.
Fuller form of name (David Bayne),
Dates associated with a name 1901-1969.
651 #0 - SUBJECT ADDED ENTRY--GEOGRAPHIC NAME
Geographic name Europe
General subdivision History.
9 (RLIN) 132039
700 1# - ADDED ENTRY--PERSONAL NAME
Personal name Anderson, M. S.
Fuller form of name (Matthew Smith),
Relator term ed.
Personal name Horn, D. B.
Fuller form of name (David Bayne),
Dates associated with a name 1901-1969.
Personal name Hatton, Ragnhild Marie,
Relator term ed.
942 ## - ADDED ENTRY ELEMENTS (KOHA)
Source of classification or shelving scheme Dewey Decimal Classification
Koha item type Books
Holdings
Lost status Source of classification or shelving scheme Damaged status Not for loan Collection code Permanent Location Current Location Shelving location Date acquired Source of acquisition Cost, normal purchase price Total Checkouts Full call number Date last seen Copy number Koha item type
  Dewey Decimal Classification     Non-fiction Central Library, University of Rajshahi Central Library, University of Rajshahi   02/08/1972 Book centre 82.50   327.08 STU 1970 18/06/2016 C-2 Books